| 000 | 01151nmm a2200337 a 4500 | ||
|---|---|---|---|
| 001 | ocm0002146228 | ||
| 003 | TR-IsHL | ||
| 005 | 20201028182158.0 | ||
| 008 | 190125s2017 tu tur | ||
| 007 | cr cn | ||
| 020 | _a9786059964951 | ||
| 035 |
_a2146228 _b(N$T) |
||
| 050 | 0 | 4 |
_aLB1140.2 _b.O38 2017 |
| 090 | 0 | 4 |
_aLB1140.2 _b.O38 2017 |
| 100 | 1 | _aÖzel, Nilgün | |
| 245 | 1 | 0 |
_aŞirin'in dünyası _h[electronic resource] / _cNilgün Özel ; resimleyen Murat Tanhu ; editör Mustafa Can, Hacı Bayram Nebioğlu |
| 250 | _a3. Baskı | ||
| 260 |
_aİstanbul : _bÇamlıca Çocuk Yayınları, _c2017 |
||
| 300 | _a245 p. | ||
| 650 | 4 | _aDil ve Edebiyat | |
| 650 | 4 | _aLanguage and Literature | |
| 650 | 0 | _aÇocuk öyküleri, Türk | |
| 650 | 0 | _aChildren's stories, Turkish | |
| 650 | 0 | _aResimli çocuk kitapları | |
| 650 | 0 | _aIllustrated children's books | |
| 650 | 7 |
_aJUVENILE NONFICTION / Family / General _2bisacsh |
|
| 700 | 1 | _aTanhu, Murat | |
| 700 | 1 | _aCan, Mustafa | |
| 700 | 1 | _aNebioğlu, Hacı Bayram | |
| 856 | 4 | 0 | _uhttp://search.ebscohost.com/login.aspx?direct=true&scope=site&db=e011xww&AN=2146228 |
| 999 |
_c19946 _d19946 |
||